000 00861cab a2200277 4500
001 ABS55793
008 090401t1996 xxu||||| |||| 00| 0 eng d
035 _a(Sirsi) u18835
041 _aeng
100 _aBox, J.
245 _aNatural legacies: mineral workings and nature conservation
260 _c1996
350 _a0
490 _aMineral Planning
_vSeptember 1996, 24-27(4)
520 _aBy using examples, demonstrates how past mineral workings can contribute to nature conservation through the establishment of wildlife habitats.
650 _aMINERALS WORKINGS
650 _aNATURE CONSERVATION
650 _aSITES OF SPECIAL SCIENTIFIC INTEREST
650 _aSUSTAINABLE DEVELOPMENT
650 _aWILDLIFE HABITATS
690 _aCONSERVATION
700 _aMills, J.
700 _aCoppin, N.
942 _n0
948 _c04/03/1997
999 _c12532
_d12532